header

Ferocious things (Record no. 58763)

MARC details
000 -LEADER
fixed length control field 01306nam a2200325Ia 4500
100 1# - MAIN ENTRY--AUTHOR NAME
Personal name Maslen, Cathleen.
245 10 - TITLE STATEMENT
Title Ferocious things
260 ## - PUBLICATION, DISTRIBUTION, ETC. (IMPRINT)
Place of publication Newcastle upon Tyne :
Name of publisher Cambridge Scholars Pub.,
Year of publication 2009.
300 ## - PHYSICAL DESCRIPTION
Number of Pages x, 267 p.
650 #0 - SUBJECT ADDED ENTRY--TOPICAL TERM
Topical Term Depression, Mental, in literature.
Topical Term Women in literature.
856 40 - ELECTRONIC LOCATION AND ACCESS
Uniform Resource Identifier http://site.ebrary.com/lib/rucke/Doc?id=10676999

No items available.

© 2026 Rongo University
Contact us: librarian | system librarian | Rongo university